Länder mit höchster Suizidrate - Statistiken

Allgemein
  • Dieses Quiz wurde 249 mal gespielt
    228 seit der letzten Aktualisierung
  • Das Durchschnittsergebnis liegt bei 14 aus 30
Antwortstatistiken
Platz Land % Korrekt
27 Vereinigte Staaten
92%
14 Japan
86%
2 Russland
84%
8 Ukraine
71%
23 Finnland
70%
4 Südkorea
70%
28 Schweden
68%
22 Polen
67%
21 Indien
63%
9 Lettland
63%
16 Estland
62%
1 Litauen
61%
5 Weißrussland
60%
17 Frankreich
58%
Serbien
54%
12 Ungarn
49%
25 Österreich
48%
13 Slowenien
46%
18 Schweiz
44%
11 Belgien
42%
7 Kasachstan
41%
19 Kroatien
41%
Moldawien
34%
29 Sri Lanka
13%
3 Guyana
10%
6 Suriname
8%
15 Uruguay
6%
Lesotho
5%
30 Elfenbeinküste
3%
20 Äquatorialguinea
1%
Keine übereinstimmenden Quizze gefunden
Verteilung der Resultate
Anzahl Personen mit jedem Resultat
Perzentil nach korrekt beantworteten Fragen
Ihre Resultats-Entwicklung
Sie haben dieses Quiz seit der letzten Aktualisierung nicht gespielt